| 000 | 00420nam a22001577a 4500 | ||
|---|---|---|---|
| 005 | 20200603152004.0 | ||
| 008 | 200603b xxu||||| |||| 00| 0 eng d | ||
| 082 | _a345.4 AIR | ||
| 110 |
_aThe All Iindia reporter _95760 |
||
| 245 | _aThe All Iindia reporter 1986(V-73) DELHI Section | ||
| 250 | _a1986 | ||
| 260 |
_aBOMBAY _bThe All Iindia reporter Ltd. _c1986 |
||
| 300 | _a96p. | ||
| 650 |
_aLAW _95701 |
||
| 942 | _cJRL | ||
| 999 |
_c6780 _d6778 |
||